Formula One Race Winners 2000s - Sudden Death - Statistics

General Stats
  • This quiz has been taken 336 times
  • The average score is 11 of 17
Answers on the Grid
Answers color-coded by a green-red scale on the quiz's grid according to % correct below.
Michael Schumacher
Scott Speed
Kimi Räikkönen
Felipe Massa
David Coulthard
Jos Verstappen
Mika Häkkinen
Sebastian Vettel
Giancarlo Fisichella
Nick Heidfeld
Jenson Button
Heikki Kovalainen
Jacques Villeneuve
Lewis Hamilton
Robert Kubica
Riccardo Patrese
Ralf Schumacher
Jarno Trulli
Nico Rosberg
Juan Pablo Montoya
Rubens Barrichello
Mark Webber
Jean Alesi
Fernando Alonso
 
Answer Stats
Answer % Correct
Michael Schumacher
93%
Kimi Räikkönen
87%
Felipe Massa
82%
Sebastian Vettel
81%
Jenson Button
75%
David Coulthard
71%
Lewis Hamilton
69%
Mika Häkkinen
65%
Fernando Alonso
56%
Giancarlo Fisichella
52%
Robert Kubica
51%
Heikki Kovalainen
48%
Rubens Barrichello
48%
Ralf Schumacher
46%
Juan Pablo Montoya
45%
Mark Webber
43%
Jarno Trulli
39%
No matching quizzes found
Score Distribution
Percent of People with Each Score
Percentile by Number Answered
Your Score History
You have not taken this quiz